01266nam a2200313 a 4500001001200000003000800012006001900020007001500039008004100054020002200095020002200117040002100139035002000160050002500180082001600205245014400221260005200365300001900417504006600436533015200502650002400654650001900678650003800697655002900735700001700764700002800781710001700809856012600826ebr10080855CaPaEBRm u cr cn|||||||||021018s2003 enka sb 001 0 eng d z076194897X (hbk.) z0761948988 (pbk.) aCaPaEBRcCaPaEBR a(OCoLC)7077415714aHF1351b.R377 2003eb04a338.9'122100aRemaking the global economyh[electronic resource] :beconomic-geographical perspectives /cedited by Jamie Peck and Henry Wai-Chung Yeung. aLondon ;aThousand Oaks, Calif. :bSAGE,c2003. a256 p. :bill. aIncludes bibliographical references (p. [231]-252) and index. aElectronic reproduction.bPalo Alto, Calif. :cebrary,d2013.nAvailable via World Wide Web.nAccess may be limited to ebrary affiliated libraries. 0aEconomic geography. 0aGlobalization. 0aInternational economic relations. 7aElectronic books.2local1 aPeck, Jamie.1 aYeung, Henry Wai-Chung.2 aebrary, Inc.40uhttp://site.ebrary.com/lib/rucke/Doc?id=10080855zAn electronic book accessible through the World Wide Web; click to view